000 01534cam a2200397 a 4500
001 1818
003 FISKH
005 20250819101050.0
008 001122s2001 nyua b b 001 0beng
010 _a 00065622
020 _a0516234323 (lib. bdg.)
020 _a0516235869 (pbk.)
040 _aDLC
_cDLC
_dDLC
_beng
042 _alcac
043 _an-us---
050 0 0 _aE457.905
_b.W33 2001
082 0 0 _a973.7/092
_aB
_221
100 1 _aWalker, Pam,
_d1958-
245 1 0 _aAbraham Lincoln /
_cby Pamela Walker.
260 _aNew York :
_bChildren's Press,
_c2001.
300 _a24 pages :
_bcolor illustrations ;
_c16 cm.
490 1 _aReal people
505 _aG
520 _aSimple text and illustrations introduce Abraham Lincoln who served as president of the United States during the Civil War.
521 8 _a400
_bLexile
521 8 _aG
_bRaz-Plus
600 1 0 _aLincoln, Abraham,
_d1809-1865
_vJuvenile literature.
600 1 0 _aLincoln, Abraham,
_d1809-1865
_vPictorial works
_vJuvenile literature.
600 1 1 _aLincoln, Abraham,
_d1809-1865.
650 0 _aPresidents
_zUnited States
_vBiography
_vJuvenile literature.
650 1 _aPresidents.
830 0 _aReal people (Childrens Press)
906 _a7
_bcbc
_corignew
_d1
_eocip
_f20
_gy-gencatlg
942 _2ddc
_cBK
_n0
999 _c1818
_d1818